Operácia kuchynským nožom

O novele vysokoškolského zákona. Štát ide zamedziť nadmernému prijímaniu prvákov - keď záujem o vysoké školy klesá.

Gespeichert in:
Bibliographische Detailangaben
1. Verfasser: Sibyla, Pavel
Format: Buchkapitel
Sprache:Slowakisch
Schlagworte:
Tags: Tag hinzufügen
Keine Tags, Fügen Sie das erste Tag hinzu!

MARC

LEADER 00000naa a2200000 4500
001 0161695
005 20231113080549.7
041 0 |a slo 
044 |a SK 
245 1 0 |a Operácia kuchynským nožom  |c Pavel Sibyla 
520 |a O novele vysokoškolského zákona. Štát ide zamedziť nadmernému prijímaniu prvákov - keď záujem o vysoké školy klesá. 
610 2 0 |a školy vysoké 
610 2 0 |a vzdelávanie vysokoškolské 
610 2 0 |a zákony 
610 2 0 |a novelizácia 
610 2 0 |a Slovensko 
100 1 |a Sibyla, Pavel